Statistics for NBA MVPs Since 2000

Click here to take the quiz!

General Stats

  • This quiz has been taken 1,520 times
    (1,451 since last reset)
  • The average score is 17 of 17

Answer Stats

Year of MVPAnswerTeam% Correct
2008-2009Lebron JamesCleveland Cavaliers
100%
2012-2013Lebron JamesMiami Heat
100%
2011-2012Lebron JamesMiami Heat
100%
2009-2010Lebron JamesCleveland Cavaliers
100%
2015-2016Stephen CurryGolden State Warriors
100%
2014-2015Stephen CurryGolden State Warriors
100%
2013-2014Kevin DurantOklohoma City Thunder
99%
2007-2008Kobe BryantLos Angeles Lakers
99%
2001-2002Tim DuncanSan Antonio Spurs
99%
2002-2003Tim DuncanSan Antonio spurs
99%
2010-2011Derrick RoseChicago Bulls
98%
2006-2007Dirk NowitzkiDallas Mavericks
98%
1999-2000Shaquille O'NealLos Angeles Lakers
98%
2000-2001Allen IversonPhiladelphia 76ers
97%
2005-2006Steve NashPhoenix Suns
97%
2004-2005Steve NashPhoenix Suns
97%
2003-2004Kevin GarnettMinnesota Timberwolves
96%

Score Distribution

Percentile by Number Answered

Percent of People with Each Score

Your Score History

You have not taken this quiz since the last reset